000 00640nam a2200181 4500
001 112260
003 ES-MaACL
005 20231221152303.0
007 t|
008 061121s1910 sp r ||||1| spa d
100 1 _aNido y Segalerva, Juan del.
_985616
245 1 0 _aEstudio sobre las regalias de la corona de España /
_cpor D. Juan del Nido y Segalerva; con un prólogo del Excmo. Sr. D. José Canalejas y Méndez.
260 _aMadrid :
_bSucesores de Hernando,
_c1910.
300 _aXXII, 232 p. ;
_c25 x 17 cm.
700 1 _aCanalejas, José,
_d1854-1912
_934382
852 _aES-MaACL
_jG-9527
999 _c112260
_d112260